000 00642nam a2200181Ia 4500
003 LDD
008 190117s9999 xx 000 0 und d
020 _a818567163X
_c₹180
040 _cLDD
041 _ahi
100 _aराहुल
245 0 _aकाव्य-दृष्टि और अभिव्यंजना
_b गिरिजाकुमार माथुर
_cराहुल
260 _aदिल्ली
_bभावना
_c1996
300 _a200
901 _aHBC
904 _aReqst by : रीतारानी पालीवाल
942 _2ddc
_cH
999 _c168795
_d168795